[Event "IECC Y2KO email"]
[Site "IECC email"]
[Date "2003.06.15"]
[Round "?"]
[White "Pieri, Thierry"]
[Black "Torwong, Peerapol"]
[Result "1-0"]
[WhiteElo "2063"]
[BlackElo "1678"]
[PlyCount "29"]
[EventDate "2003.??.??"]
[EventType "tourn (corr)"]
[EventRounds "6"]
[SourceTitle "Corr 2008"]
[Source "ChessBase"]
[SourceDate "2008.06.24"]
[SourceVersion "1"]
[SourceVersionDate "2008.06.24"]
[SourceQuality "1"]

1. e4 e5 2. Nf3 Nc6 3. Bc4 Nf6 4. Ng5 d5 5. exd5 Na5 6. Bb5+ c6 7. dxc6 bxc6 8. Be2 h6 9. Nf3 e4 10. Ne5 Bc5 11. c3 Qc7 12. d4 exd3 13. Nxd3 Bd6 14. h3 0-0 15. b4 1-0

[Event "IECC P email"]
[Site "IECC email"]
[Date "2001.11.07"]
[Round "?"]
[White "Bearce, Harold L"]
[Black "Torwong, Peerapol"]
[Result "0-1"]
[WhiteElo "1816"]
[BlackElo "1685"]
[PlyCount "62"]
[EventDate "2001.??.??"]
[EventType "tourn (corr)"]
[EventRounds "6"]
[SourceTitle "Corr 2008"]
[Source "ChessBase"]
[SourceDate "2008.06.24"]
[SourceVersion "1"]
[SourceVersionDate "2008.06.24"]
[SourceQuality "1"]

1. e4 e5 2. Nf3 Nc6 3. Bb5 Nf6 4. 0-0 Nxe4 5. d4 Nd6 6. Bxc6 dxc6 7. dxe5 Nf5 8. Qxd8+ Kxd8 9. Nc3 h6 10. b3 Be6 11. Bb2 a5 12. Rfd1+ Ke8 13. Rd3 Rd8 14. Rad1 Rxd3 15. Rxd3 Ne7 16. Nd4 Bd7 17. f4 Nd5 18. Nxd5 cxd5 19. Kh1 c5 20. Nf3 Be6 21. h3 b5 22. g4 h5 23. f5 hxg4 24. fxe6 Rxh3+ 25. Kg2 Rxf3 26. exf7+ Kxf7 27. Rxf3+ gxf3+ 28. Kxf3 Ke6 29. Kg4 Be7 30. Ba1 d4 31. Kf4 Bd8 0-1

[Event "IECC P email"]
[Site "IECC email"]
[Date "2001.10.08"]
[Round "?"]
[White "Torwong, Peerapol"]
[Black "Stoffers, Jeffrey"]
[Result "1-0"]
[WhiteElo "1692"]
[BlackElo "1618"]
[PlyCount "57"]
[EventDate "2001.??.??"]
[EventType "tourn (corr)"]
[EventRounds "6"]
[SourceTitle "Corr 2008"]
[Source "ChessBase"]
[SourceDate "2008.06.24"]
[SourceVersion "1"]
[SourceVersionDate "2008.06.24"]
[SourceQuality "1"]

1. d4 d5 2. c4 e6 3. Nc3 Nf6 4. cxd5 exd5 5. Bg5 Be7 6. e3 0-0 7. Bd3 h6 8. Bxf6 Bxf6 9. b4 Qd6 10. Rb1 Nc6 11. Qb3 Be6 12. Nge2 a6 13. 0-0 Rfb8 14. Rfc1 Be7 15. a3 Re8 16. Na4 b6 17. Qc2 Bd7 18. Nac3 Bg5 19. b5 Ne7 20. bxa6 c5 21. Nb5 Bxb5 22. Bxb5 Rec8 23. Qa2 c4 24. Nc3 Qe6 25. Re1 Nf5 26. Rbd1 Nd6 27. a4 f5 28. Qe2 Ra7 29. Ra1 1-0

[Event "IECC Swiss email"]
[Site "IECC email"]
[Date "2001.07.25"]
[Round "?"]
[White "Robertson, John"]
[Black "Torwong, Peerapol"]
[Result "0-1"]
[WhiteElo "1112"]
[BlackElo "1659"]
[PlyCount "50"]
[EventDate "2001.??.??"]
[EventType "tourn (corr)"]
[EventRounds "6"]
[SourceTitle "Corr 2008"]
[Source "ChessBase"]
[SourceDate "2008.06.24"]
[SourceVersion "1"]
[SourceVersionDate "2008.06.24"]
[SourceQuality "1"]

1. e4 e5 2. Nf3 Nc6 3. d4 exd4 4. Nxd4 Nf6 5. Nxc6 bxc6 6. Nc3 Bb4 7. Bd2 0-0 8. Bc4 Bxc3 9. Bxc3 Nxe4 10. Qd4 Nxc3 11. Qxc3 Re8+ 12. Kf1 d5 13. Be2 Rb8 14. h3 d4 15. Qa3 Qd6 16. g3 Qxa3 17. bxa3 Rb2 18. Bd3 Be6 19. Kg2 Bxa2 20. Rhc1 Bd5+ 21. Kf1 c5 22. c3 c4 23. Bc2 d3 24. Bd1 d2 25. Rc2 Re1# 0-1

[Event "IECC KO email"]
[Site "IECC email"]
[Date "2000.12.07"]
[Round "?"]
[White "Torwong, Peerapol"]
[Black "Ventimiglia, Charles"]
[Result "0-1"]
[WhiteElo "1694"]
[BlackElo "2015"]
[PlyCount "74"]
[EventDate "2000.??.??"]
[EventType "tourn (corr)"]
[EventRounds "6"]
[SourceTitle "Corr 2008"]
[Source "ChessBase"]
[SourceDate "2008.06.24"]
[SourceVersion "1"]
[SourceVersionDate "2008.06.24"]
[SourceQuality "1"]

1. d4 Nf6 2. Bg5 Ne4 3. Bf4 c5 4. f3 Qa5+ 5. c3 Nf6 6. Nd2 cxd4 7. Nb3 Qd8 8. cxd4 d5 9. e3 Nc6 10. Bb5 e6 11. Bxc6+ bxc6 12. Rc1 Bb4+ 13. Nd2 Ba6 14. a3 Bxd2+ 15. Qxd2 Rc8 16. Nh3 Qe7 17. Bg5 Bc4 18. b4 h6 19. Bh4 a5 20. Bxf6 Qxf6 21. bxa5 c5 22. Nf4 0-0 23. Kf2 cxd4 24. exd4 Rb8 25. g3 Rb3 26. Rc3 Rxc3 27. Qxc3 Rb8 28. Nh5 Qg5 29. Nf4 Rb3 30. Qd2 Qf6 31. Re1 g5 32. Re3 Rxe3 33. Kxe3 gxf4+ 34. gxf4 Qf5 35. Kf2 Qh3 36. Ke3 Qf1 37. h4 Qg1+ 0-1

[Event "IECC Swiss email"]
[Site "IECC email"]
[Date "2000.09.22"]
[Round "?"]
[White "Wey, Geoffrey"]
[Black "Torwong, Peerapol"]
[Result "0-1"]
[WhiteElo "1326"]
[BlackElo "1644"]
[PlyCount "64"]
[EventDate "2000.??.??"]
[EventType "tourn (corr)"]
[EventRounds "6"]
[SourceTitle "Corr 2008"]
[Source "ChessBase"]
[SourceDate "2008.06.24"]
[SourceVersion "1"]
[SourceVersionDate "2008.06.24"]
[SourceQuality "1"]

1. d4 Nf6 2. c4 g6 3. g3 Bg7 4. Bg2 0-0 5. Nf3 d6 6. 0-0 c6 7. Nc3 Nbd7 8. e4 e5 9. h3 Qb6 10. d5 Nc5 11. Qc2 Qb4 12. Nd2 a5 13. b3 Qb6 14. Ba3 Bd7 15. Rad1 Rad8 16. Bxc5 Qxc5 17. Na4 Qa7 18. dxc6 bxc6 19. c5 d5 20. exd5 Bf5 21. Ne4 Nxd5 22. Qe2 Bxe4 23. Bxe4 f5 24. Bxd5+ cxd5 25. Nb6 d4 26. Qb5 e4 27. Rc1 d3 28. Rfd1 Bd4 29. Qc4+ Qf7 30. Kf1 Qxc4 31. Rxc4 Rf6 32. Ke1 Re6 0-1

[Event "IECC Swiss email"]
[Site "IECC email"]
[Date "2000.05.28"]
[Round "?"]
[White "Drzazga, Miroslaw"]
[Black "Torwong, Peerapol"]
[Result "1-0"]
[WhiteElo "1124"]
[BlackElo "1831"]
[PlyCount "53"]
[EventDate "2000.??.??"]
[EventType "tourn (corr)"]
[EventRounds "6"]
[SourceTitle "Corr 2008"]
[Source "ChessBase"]
[SourceDate "2008.06.24"]
[SourceVersion "1"]
[SourceVersionDate "2008.06.24"]
[SourceQuality "1"]

1. d4 Nf6 2. Nf3 g6 3. c4 Bg7 4. Nc3 0-0 5. e4 d6 6. Be2 e5 7. 0-0 Nc6 8. d5 Ne7 9. Ne1 Nd7 10. Nd3 f5 11. Bd2 Kh8 12. Rc1 c5 13. f4 exf4 14. Nxf4 Bd4+ 15. Kh1 Nf6 16. exf5 Nxf5 17. Qb3 Be5 18. Nd3 Nd4 19. Qd1 Nxe2 20. Nxe2 Bg4 21. Nxe5 dxe5 22. Bh6 Rf7 23. Qe1 Qb6 24. Ng3 Re8 25. h3 Bd7 26. Rc2 Qa6 27. Rcf2 1-0

[Event "IECC CL4-2000.20"]
[Site "IECC email"]
[Date "2000.04.08"]
[Round "?"]
[White "Berkley, Stephen W"]
[Black "Torwong, Peerapol"]
[Result "0-1"]
[WhiteElo "1677"]
[BlackElo "1764"]
[PlyCount "94"]
[EventDate "2000.??.??"]
[EventType "tourn (corr)"]
[EventRounds "4"]
[SourceTitle "Corr 2008"]
[Source "ChessBase"]
[SourceDate "2008.06.24"]
[SourceVersion "1"]
[SourceVersionDate "2008.06.24"]
[SourceQuality "1"]

1. d4 Nf6 2. c4 g6 3. Nc3 Bg7 4. e4 d6 5. Be2 0-0 6. Nf3 e5 7. 0-0 Nc6 8. d5 Ne7 9. Ne1 Nd7 10. Be3 f5 11. f3 f4 12. Bf2 g5 13. Rc1 Ng6 14. c5 Nxc5 15. b4 Na6 16. Nd3 Rf7 17. Nb5 Bd7 18. a4 Qe8 19. Nb2 Qb8 20. Qc2 Bxb5 21. axb5 Nxb4 22. Qb3 a5 23. b6 Bf6 24. Nc4 c5 25. dxc6 Nxc6 26. Rfd1 Nd4 27. Bxd4 exd4 28. Qb5 a4 29. Qd5 Ne7 30. Qxd6 Nc6 31. Qd5 Be7 32. Nb2 a3 33. Bc4 Ne5 34. Qxd4 axb2 35. Bxf7+ Nxf7 36. Rc2 Ba3 37. Rb1 Qe5 38. Qf2 Bb4 39. Kh1 Bc3 40. h3 Ra2 41. Kh2 Ra1 42. Rcxb2 Bxb2 43. Qxb2 Qxb2 44. Rxb2 Kg7 45. h4 h6 46. hxg5 hxg5 47. Kh3 Rh1+ 0-1

[Event "IECC Swiss email"]
[Site "IECC email"]
[Date "2000.04.05"]
[Round "?"]
[White "Torwong, Peerapol"]
[Black "Goze, Tolga"]
[Result "1/2-1/2"]
[WhiteElo "1804"]
[BlackElo "1193"]
[PlyCount "101"]
[EventDate "2000.??.??"]
[EventType "tourn (corr)"]
[EventRounds "6"]
[SourceTitle "Corr 2008"]
[Source "ChessBase"]
[SourceDate "2008.06.24"]
[SourceVersion "1"]
[SourceVersionDate "2008.06.24"]
[SourceQuality "1"]

1. e4 c5 2. Nc3 Nc6 3. g3 g6 4. Bg2 Bg7 5. d3 d6 6. Be3 Nf6 7. h3 Qb6 8. Rb1 Qa5 9. Nge2 0-0 10. 0-0 Bd7 11. Qd2 Rac8 12. Bh6 Bxh6 13. Qxh6 Nd4 14. Rfc1 Nxe2+ 15. Nxe2 Qxa2 16. Ra1 Qxb2 17. Rab1 Qa2 18. Ra1 Qe6 19. Rxa7 d5 20. Nf4 Qb6 21. Rca1 dxe4 22. dxe4 Qb2 23. c4 Bc6 24. Nd5 Rfe8 25. Qe3 Nd7 26. Qg5 f6 27. Qc1 Qxc1+ 28. Rxc1 e6 29. Rca1 h5 30. f4 Kf7 31. Kf2 h4 32. gxh4 Rh8 33. Kg3 Rcd8 34. Ne3 e5 35. f5 gxf5 36. exf5 e4 37. Rd1 Ne5 38. Rxd8 Rxd8 39. Bf1 Rg8+ 40. Ng4 Nf3 41. Bg2 Nd2 42. Ra5 Nxc4 43. Rxc5 Nd6 44. Kf4 Rh8 45. Kg3 Ke7 46. Ne3 Nf7 47. Ng4 Rh7 48. Bh1 Nd6 49. Ne3 Kd7 50. Ng4 Kd8 51. Ne3 1/2-1/2

[Event "IECC P email"]
[Site "IECC email"]
[Date "2000.03.13"]
[Round "?"]
[White "Torwong, Peerapol"]
[Black "Zirians, Simon"]
[Result "1/2-1/2"]
[WhiteElo "1834"]
[BlackElo "1605"]
[PlyCount "97"]
[EventDate "2000.??.??"]
[EventType "tourn (corr)"]
[EventRounds "6"]
[SourceTitle "Corr 2008"]
[Source "ChessBase"]
[SourceDate "2008.06.24"]
[SourceVersion "1"]
[SourceVersionDate "2008.06.24"]
[SourceQuality "1"]

1. e4 c6 2. d4 d5 3. exd5 cxd5 4. c4 Nf6 5. Nc3 g6 6. Qb3 Bg7 7. cxd5 0-0 8. Be2 Nbd7 9. Bf3 Nb6 10. Nge2 Bf5 11. 0-0 Bd3 12. d6 exd6 13. Bf4 Re8 14. Rfe1 d5 15. Ng3 Rc8 16. Be5 Bc4 17. Qc2 Ba6 18. b3 Nbd7 19. Bf4 Qa5 20. Bd2 Qb6 21. Be3 Bf8 22. a3 h5 23. Rec1 h4 24. Nge2 Bxe2 25. Bxe2 h3 26. g3 Ne4 27. Qb2 Qe6 28. Nxe4 Qxe4 29. Bf1 Qe6 30. Rxc8 Rxc8 31. Rc1 Nf6 32. Rxc8 Qxc8 33. Qc1 Qd7 34. Bf4 Qg4 35. b4 Ne4 36. Qc7 Qf3 37. Be3 Nd6 38. Bxh3 Nc4 39. Bg2 Qd1+ 40. Bf1 Nxe3 41. fxe3 Qd2 42. Qf4 Qc3 43. Bg2 Qe1+ 44. Bf1 Qc1 45. h4 Qxa3 46. Bg2 Qb3 47. Qe5 Bxb4 48. Bxd5 Qb1+ 49. Kg2 1/2-1/2

[Event "IECC Swiss email"]
[Site "IECC email"]
[Date "2000.03.12"]
[Round "?"]
[White "Torwong, Peerapol"]
[Black "Nobrega, Marcelo de Freitas"]
[Result "1-0"]
[WhiteElo "1789"]
[BlackElo "1643"]
[PlyCount "49"]
[EventDate "2000.??.??"]
[EventType "tourn (corr)"]
[EventRounds "6"]
[SourceTitle "Corr 2008"]
[Source "ChessBase"]
[SourceDate "2008.06.24"]
[SourceVersion "1"]
[SourceVersionDate "2008.06.24"]
[SourceQuality "1"]

1. e4 e5 2. Nf3 Nc6 3. Bb5 a6 4. Ba4 Nf6 5. 0-0 Be7 6. Re1 b5 7. Bb3 d6 8. c3 Bg4 9. d3 0-0 10. Nbd2 Qd7 11. Nf1 d5 12. exd5 Nxd5 13. h3 Bxf3 14. Qxf3 Rad8 15. Ng3 Nf6 16. Nf5 Rfe8 17. Bh6 Bf8 18. Bg5 Qxd3 19. Re3 e4 20. Qg3 Bd6 21. Rxd3 Bxg3 22. Rxg3 Rd3 23. Bxf6 Rxg3 24. Nxg3 gxf6 25. Nh5 1-0

[Event "IECC Swiss email"]
[Site "IECC email"]
[Date "2000.03.02"]
[Round "?"]
[White "Torwong, Peerapol"]
[Black "Cijs, Peter JG"]
[Result "0-1"]
[WhiteElo "1841"]
[BlackElo "2077"]
[PlyCount "58"]
[EventDate "2000.??.??"]
[EventType "tourn (corr)"]
[EventRounds "6"]
[SourceTitle "Corr 2008"]
[Source "ChessBase"]
[SourceDate "2008.06.24"]
[SourceVersion "1"]
[SourceVersionDate "2008.06.24"]
[SourceQuality "1"]

1. e4 e6 2. d4 d5 3. exd5 exd5 4. Nf3 Nf6 5. Bd3 Bd6 6. c4 0-0 7. 0-0 dxc4 8. Bxc4 Nc6 9. h3 Bf5 10. Nc3 Qd7 11. Be3 Rfe8 12. Re1 a6 13. a3 b5 14. Ba2 b4 15. Nd5 Nxd5 16. Bxd5 bxa3 17. bxa3 Rab8 18. Nh4 Be6 19. Bxe6 Qxe6 20. d5 Qf6 21. dxc6 Qxh4 22. Qd5 Re5 23. Qf3 Qa4 24. Red1 Reb5 25. Bd4 h6 26. Qg4 Rg5 27. Qf3 Rb3 28. Be3 Re5 29. Rdb1 Rxb1+ 0-1

[Event "IECC Swiss email"]
[Site "IECC email"]
[Date "2000.02.12"]
[Round "?"]
[White "Zillmer, Jim"]
[Black "Torwong, Peerapol"]
[Result "1/2-1/2"]
[WhiteElo "1383"]
[BlackElo "1855"]
[PlyCount "60"]
[EventDate "2000.??.??"]
[EventType "tourn (corr)"]
[EventRounds "6"]
[SourceTitle "Corr 2008"]
[Source "ChessBase"]
[SourceDate "2008.06.24"]
[SourceVersion "1"]
[SourceVersionDate "2008.06.24"]
[SourceQuality "1"]

1. e4 c5 2. Nc3 Nc6 3. f4 g6 4. Nf3 Bg7 5. Bb5 Nd4 6. 0-0 a6 7. Bd3 d6 8. Nxd4 cxd4 9. Ne2 Nf6 10. c3 dxc3 11. bxc3 0-0 12. Bc2 Qc7 13. Qe1 b5 14. Ba3 Bb7 15. Nd4 Nh5 16. Bb3 Nxf4 17. Rxf4 e5 18. Ne6 fxe6 19. Bxe6+ Kh8 20. Rxf8+ Rxf8 21. Qe3 Rf6 22. Bb3 Rf4 23. Qa7 Qc8 24. Be6 Qa8 25. Qxa8+ Bxa8 26. Rf1 Rxf1+ 27. Kxf1 Bxe4 28. Bxd6 Bf6 29. Bc8 a5 30. Bd7 Bd3+ 1/2-1/2

[Event "IECC M email"]
[Site "IECC email"]
[Date "2000.02.07"]
[Round "?"]
[White "Pac, Maciej"]
[Black "Torwong, Peerapol"]
[Result "0-1"]
[WhiteElo "1800"]
[BlackElo "1751"]
[PlyCount "26"]
[EventDate "2000.??.??"]
[EventType "tourn (corr)"]
[EventRounds "2"]
[SourceTitle "Corr 2008"]
[Source "ChessBase"]
[SourceDate "2008.06.24"]
[SourceVersion "1"]
[SourceVersionDate "2008.06.24"]
[SourceQuality "1"]

1. e4 c5 2. Nf3 d6 3. d4 cxd4 4. Nxd4 Nf6 5. Nc3 a6 6. Bg5 e6 7. f4 Nc6 8. e5 h6 9. Nxc6 bxc6 10. Bh4 g5 11. fxg5 Nd5 12. Ne4 Qb6 13. b3 Qb4+ 0-1

[Event "IECC Swiss email"]
[Site "IECC email"]
[Date "2000.01.17"]
[Round "?"]
[White "Torwong, Peerapol"]
[Black "Viaggi, Stefano"]
[Result "1/2-1/2"]
[WhiteElo "1853"]
[BlackElo "1914"]
[PlyCount "78"]
[EventDate "2000.??.??"]
[EventType "tourn (corr)"]
[EventRounds "6"]
[SourceTitle "Corr 2008"]
[Source "ChessBase"]
[SourceDate "2008.06.24"]
[SourceVersion "1"]
[SourceVersionDate "2008.06.24"]
[SourceQuality "1"]

1. e4 d6 2. d4 Nf6 3. Nc3 g6 4. f4 Bg7 5. Nf3 c5 6. Bb5+ Bd7 7. e5 Ng4 8. e6 fxe6 9. Ng5 Bxb5 10. Nxb5 Qa5+ 11. c3 Qxb5 12. Nxe6 Qc4 13. Qxg4 cxd4 14. Nxg7+ Kf7 15. f5 Kxg7 16. Qh4 Nc6 17. Rf1 Rhf8 18. Bh6+ Kh8 19. Bxf8 Rxf8 20. 0-0-0 gxf5 21. Kb1 b5 22. Qh3 dxc3 23. Qxc3+ Qxc3 24. bxc3 Ne5 25. Rd5 a6 26. a4 bxa4 27. Ra5 Rg8 28. Rxf5 Rxg2 29. h4 Rg1+ 30. Ka2 Rg4 31. h5 Kg7 32. Rxa6 Re4 33. Ra7 Ng4 34. Ka3 Ne3 35. Rb5 Nd1 36. Rbb7 Nxc3 37. Rxe7+ Rxe7 38. Rxe7+ Kh6 39. Rd7 Ne4 1/2-1/2

[Event "IECC Swiss email"]
[Site "IECC email"]
[Date "2000.01.10"]
[Round "?"]
[White "Torwong, Peerapol"]
[Black "Dunn, Carl"]
[Result "1/2-1/2"]
[WhiteElo "1770"]
[BlackElo "1913"]
[PlyCount "67"]
[EventDate "2000.??.??"]
[EventType "tourn (corr)"]
[EventRounds "6"]
[SourceTitle "Corr 2008"]
[Source "ChessBase"]
[SourceDate "2008.06.24"]
[SourceVersion "1"]
[SourceVersionDate "2008.06.24"]
[SourceQuality "1"]

1. e4 e5 2. Nf3 Nf6 3. d4 exd4 4. e5 Ne4 5. Qxd4 d5 6. exd6 Nxd6 7. Nc3 Nc6 8. Qf4 Be6 9. Bd3 g6 10. Nd4 Qd7 11. Qf6 Rg8 12. Nxe6 fxe6 13. Qh4 Ne5 14. Be2 Bg7 15. Bd2 Nf5 16. Qh3 0-0-0 17. 0-0-0 Qc6 18. Bg5 Rxd1+ 19. Rxd1 Nf7 20. Bd2 h6 21. Nb5 Kb8 22. Bc3 e5 23. Qd3 a6 24. g4 Ne7 25. Qd7 Qxd7 26. Rxd7 Bf6 27. Na3 Kc8 28. Rd1 b5 29. f4 Re8 30. Bd3 c5 31. Rf1 Bg7 32. Nb1 Bh8 33. h4 c4 34. Be4 1/2-1/2